Memoria que el Ministro de Estado en el Departamento Justicia, Culto e Instrucción Pùblica, presenta al Congreso Nacional de 1865

Guardat en:
Dades bibliogràfiques
Format: Llibre
Idioma:espanyol
Publicat: Santiago Imprenta Nacional 1865
Edició:1a. ed
Matèries:
Etiquetes: Afegir etiqueta
Sense etiquetes, Sigues el primer a etiquetar aquest registre!

MARC

LEADER 00000cam a2200000 a 4500
001 UCE4671
003 CL-VaPUC
008 141107e18650800cl |||||||||||||||||spa|d
082 0 4 |a 351.05  |b MEM  |2 21 
245 1 0 |a Memoria que el Ministro de Estado en el Departamento Justicia, Culto e Instrucción Pùblica, presenta al Congreso Nacional de 1865 
250 |a 1a. ed 
300 |a 197 p 
942 |c BK 
945 |d 20141107 12:15:00  |a arojas 
260 |a Santiago  |b Imprenta Nacional  |c 1865 
500 |a Incluye plegables 
600 0 7 |a MINISTERIO DE JUSTICIA  |2 CL-VaPUC  |9 383799 
600 0 7 |a CONGRESO NACIONAL  |2 CL-VaPUC  |9 396553 
650 7 |a MEMORIAS MINISTERIALES  |2 CL-VaPUC  |9 396559 
650 0 |a Fuentes Históricas  |9 265141 
650 0 |a Balances  |9 356958 
650 0 |a Obras públicas  |9 261125 
650 0 |a Desarrollo cultural  |9 267526 
650 0 |a Historia de Chile   |9 322385 
583 |a last modification  |c 20141107 12:15:00  |k Rodrigo Vera 
999 |c 357551  |d 357549 
952 |0 0  |1 0  |3 erd  |4 0  |6 351_050000000000000_MEM_1865  |7 0  |8 X  |9 465576  |a FDOBUD  |b FDOBUD  |i 5123127  |o 351.05 MEM 1865  |p 5123127  |r 2019-11-23  |w 2019-11-23  |y BK_X  |z Catalogado en:20141107  |k BUD